header

madeline (Record no. 264066)

MARC details
000 -LEADER
fixed length control field 00206nam a22000977a 4500
020 ## - INTERNATIONAL STANDARD BOOK NUMBER
ISBN 9780670445806
100 ## - MAIN ENTRY--AUTHOR NAME
Personal name Ludwig bemelmans
245 ## - TITLE STATEMENT
Title madeline
260 ## - PUBLICATION, DISTRIBUTION, ETC. (IMPRINT)
Place of publication U.S.A
Name of publisher VIKING PRESS
Year of publication 1939
942 ## - ADDED ENTRY ELEMENTS (KOHA)
Koha item type Long Loan Books
Holdings
Withdrawn status Lost status Collection code Home library Current library Shelving location Date acquired Accession Number Koha item type
    Fiction Rongo University Library Rongo University Library Children's Area 19/07/2024 CL2021675 Long Loan Books

© 2026 Rongo University
Contact us: librarian | system librarian | Rongo university